Inflation and relative-price variability in the open economy (Registro nro. 26814)

Detalles MARC
000 -LEADER
fixed length control field 00386 a2200121 4500
001 - CONTROL NUMBER
control field ART_13770
005 - DATE AND TIME OF LATEST TRANSACTION
control field 20260410161911.0
008 - FIXED-LENGTH DATA ELEMENTS--GENERAL INFORMATION
fixed length control field 260409a
100 1# - MAIN ENTRY--PERSONAL NAME
Personal name Blejer, Mario I.
245 10 - TITLE STATEMENT
Title Inflation and relative-price variability in the open economy
700 1# - ADDED ENTRY--PERSONAL NAME
Personal name Leiderman, Leonardo
773 0# - HOST ITEM ENTRY
Title European economic review
Related parts - Vol. 18, Nº 3 (jul. 1982)
Record control number REV13346

No hay ítems disponibles.